| 000 | 00375 a2200169 4500 | ||
|---|---|---|---|
| 001 | 46972 | ||
| 020 | _a97858516063078 | ||
| 040 | _cAnchieta - Aquarius | ||
| 100 | _aRocha, Ruth | ||
| 240 | 1 | 0 |
_aUm macaco pra frente _lpor |
| 245 | 1 | 0 | _aUm macaco pra frente |
| 300 | _a | ||
| 362 | 0 | _a2009 | |
| 440 | 1 | _aSalamandra | |
| 650 | 4 | _aLiteratura infanto-juvenil | |
| 942 | _cBK | ||
| 999 |
_c46972 _d46972 |
||